[Event "Uljanovsk-ch"]
[Site "Uljanovsk"]
[Date "2010.03.21"]
[Round "6"]
[White "Mamedov, Damir"]
[Black "Fedechkin, Vladislav"]
[Result "1-0"]
[WhiteElo "1612"]
[BlackElo "1772"]
[PlyCount "43"]
[EventDate "2010.03.13"]
[EventType "swiss"]
[EventRounds "9"]
[EventCountry "RUS"]
[SourceTitle "EXT 2012"]
[Source "ChessBase"]
[SourceDate "2011.11.24"]
[SourceVersion "1"]
[SourceVersionDate "2011.11.24"]
[SourceQuality "1"]

1. d4 d5 2. c4 e6 3. Nc3 f5 4. Nf3 Nf6 5. Bf4 c6 6. e3 Be7 7. Bd3 0-0 8. Qc2 Ne4 9. g4 b6 10. gxf5 exf5 11. h4 Be6 12. 0-0-0 Nd7 13. Rdg1 Ndf6 14. Ne5 Rc8 15. Kb1 Nxc3+ 16. bxc3 Kh8 17. Bxf5 Bxf5 18. Qxf5 Qe8 19. h5 Ne4 20. Qg4 Bf6 21. Ng6+ Kg8 22. Nxf8 1-0

[Event "Uljanovsk Cup"]
[Site "Uljanovsk"]
[Date "2009.12.20"]
[Round "8"]
[White "Tsai, Roman"]
[Black "Mamedov, Damir"]
[Result "1/2-1/2"]
[WhiteElo "1896"]
[BlackElo "1600"]
[PlyCount "97"]
[EventDate "2009.12.05"]
[EventType "swiss"]
[EventRounds "9"]
[EventCountry "RUS"]
[SourceTitle "EXT 2012"]
[Source "ChessBase"]
[SourceDate "2011.11.24"]
[SourceVersion "1"]
[SourceVersionDate "2011.11.24"]
[SourceQuality "1"]

1. e4 c6 2. d4 d5 3. e5 Bf5 4. Bd3 Bxd3 5. Qxd3 e6 6. Ne2 Qa5+ 7. Bd2 Qa6 8. Qg3 Ne7 9. Nbc3 Nf5 10. Qf3 c5 11. dxc5 Bxc5 12. Nxd5 Qc6 13. Ne3 Qxf3 14. gxf3 Nh4 15. f4 Nf3+ 16. Kd1 Nc6 17. Bc3 0-0-0+ 18. Kc1 Nfd4 19. Nxd4 Nxd4 20. Bxd4 Rxd4 21. f5 Rf4 22. fxe6 fxe6 23. Nd1 Rhf8 24. c3 Bxf2 25. Kc2 Bb6 26. b4 R8f5 27. Nb2 Rf2+ 28. Kb3 Rh5 29. Raf1 Rxf1 30. Rxf1 Rf5 31. Re1 g5 32. Nd3 h5 33. Re2 Rf3 34. Kc2 g4 35. c4 h4 36. c5 Bd8 37. Rg2 g3 38. hxg3 hxg3 39. Kc3 Bh4 40. Kd4 Rf8 41. Ke4 Kd7 42. Nf4 Rg8 43. b5 Be7 44. Rd2+ Kc8 45. c6 bxc6 46. bxc6 Bg5 47. Rg2 Bxf4 48. Kxf4 Kc7 49. Kf3 1/2-1/2

[Event "Dimitrovgrad Teenagers op"]
[Site "Dimitrovgrad"]
[Date "2009.08.21"]
[Round "3"]
[White "Mamedov, Damir"]
[Black "Marizina, Yulia"]
[Result "0-1"]
[WhiteElo "1531"]
[BlackElo "1719"]
[PlyCount "106"]
[EventDate "2009.08.19"]
[EventType "swiss"]
[EventRounds "9"]
[EventCountry "RUS"]
[SourceTitle "EXT 2017"]
[Source "ChessBase"]
[SourceDate "2016.10.25"]
[SourceVersion "1"]
[SourceVersionDate "2016.10.25"]
[SourceQuality "1"]

1. d4 Nf6 2. c4 d5 3. cxd5 Nxd5 4. e4 Nf6 5. Nc3 e6 6. Bg5 Be7 7. Nf3 c6 8. Bd3 h6 9. Be3 Nbd7 10. 0-0 Ng4 11. Bf4 Ngf6 12. h3 0-0 13. Rc1 b5 14. Bb1 Bb7 15. e5 Nd5 16. Nxd5 cxd5 17. Qd3 f5 18. Qxb5 Nb6 19. Qe2 a5 20. Bd3 Nd7 21. Rc2 Rf7 22. Rfc1 g5 23. Rc7 Nc5 24. R1xc5 Bxc5 25. Rxf7 Kxf7 26. Bxg5 hxg5 27. dxc5 d4 28. Nd2 Qd5 29. Qh5+ Kf8 30. Qh6+ Ke8 31. Qxg5 Qxe5 32. Bb5+ Kf8 33. Qh6+ Qg7 34. Qxg7+ Kxg7 35. Nb3 e5 36. f4 a4 37. c6 axb3 38. cxb7 Rb8 39. a4 Rxb7 40. fxe5 Re7 41. Bc4 Rxe5 42. Bxb3 Re2 43. Bc4 Rxb2 44. a5 Rb1+ 45. Kf2 Kf6 46. a6 Rb4 47. Bf1 Ra4 48. Kf3 Ra3+ 49. Kf2 d3 50. Ke3 Rxa6 51. Bxd3 Ra2 52. g4 fxg4 53. hxg4 Kg5 0-1

[Event "Uljanovsk Petrosian Memorial op"]
[Site "Uljanovsk"]
[Date "2009.06.20"]
[Round "1"]
[White "Zvjgincev, Valentin"]
[Black "Mamedov, Damir"]
[Result "1/2-1/2"]
[WhiteElo "1991"]
[BlackElo "1539"]
[PlyCount "64"]
[EventDate "2009.06.20"]
[EventType "swiss"]
[EventRounds "9"]
[EventCountry "RUS"]
[SourceTitle "EXT 2012"]
[Source "ChessBase"]
[SourceDate "2011.11.24"]
[SourceVersion "1"]
[SourceVersionDate "2011.11.24"]
[SourceQuality "1"]

1. d4 d5 2. c4 e6 3. Nc3 Nf6 4. Bg5 Be7 5. Nf3 0-0 6. e3 h6 7. Bh4 b6 8. Be2 Bb7 9. Bxf6 Bxf6 10. cxd5 exd5 11. 0-0 c5 12. Rc1 Na6 13. Bd3 c4 14. Bb1 Re8 15. Re1 Nc7 16. Qc2 g6 17. Qd1 b5 18. a3 a5 19. Ne2 Ne6 20. Ne5 b4 21. f4 Bg7 22. f5 gxf5 23. Bxf5 Qg5 24. Ng3 Bxe5 25. dxe5 Ng7 26. Bb1 Rxe5 27. Qc2 f5 28. Qd2 Qe7 29. axb4 axb4 30. Qd4 Re8 31. Rf1 Qg5 32. Rf3 Rxe3 1/2-1/2

[Event "Dimitrovgrad Teenagers op"]
[Site "Dimitrovgrad"]
[Date "2008.08.24"]
[Round "9"]
[White "Mamedov, Damir"]
[Black "Yakimkin, Igor"]
[Result "0-1"]
[WhiteElo "1512"]
[BlackElo "2121"]
[PlyCount "66"]
[EventDate "2008.08.20"]
[EventType "swiss"]
[EventRounds "8"]
[EventCountry "RUS"]
[SourceTitle "EXT 2022"]
[Source "ChessBase"]
[SourceDate "2021.10.06"]
[SourceVersion "1"]
[SourceVersionDate "2021.10.06"]
[SourceQuality "1"]

1. d4 Nf6 2. c4 g6 3. Nc3 Bg7 4. e4 d6 5. f3 0-0 6. Be3 Nc6 7. Qd2 a6 8. 0-0-0 Rb8 9. g4 b5 10. cxb5 axb5 11. Nge2 Na5 12. Ng3 b4 13. Nd5 Nxd5 14. exd5 c6 15. dxc6 Nxc6 16. Kb1 Qa5 17. Bc4 Bd7 18. Rc1 Rfc8 19. Bb3 Qb5 20. Rhd1 Na5 21. Rxc8+ Rxc8 22. Qd3 Qxd3+ 23. Rxd3 Bb5 24. Rd2 Nxb3 25. axb3 d5 26. h4 h6 27. f4 Bf6 28. g5 hxg5 29. hxg5 Bg7 30. Rd1 Kf8 31. f5 Ke8 32. fxg6 fxg6 33. Bf4 Kd7 0-1